书目信息 |
| 题名: |
收音机
|
|
| 作者: | 刘宪坤 主编 | |
| 分册: | ||
| 出版信息: | 北京 电子工业出版社 1992.1 |
|
| 页数: | 374页 | |
| 开本: | 20cm | |
| 丛书名: | 家电维修技术精华丛书 | |
| 单 册: | ||
| 中图分类: | T-51 | |
| 科图分类: | ||
| 主题词: | 工业技术 | |
| 电子资源: | ||
| ISBN: | 7-5053-1581-1 | |
| 000 | 00644nam0 2200229 45 | |
| 001 | 0312221749 | |
| 005 | 20040914085936.2 | |
| 010 | @a7-5053-1581-1@dCNY7.20 | |
| 100 | @a20031222d1992 km y0chiy0120 ea | |
| 101 | @achi | |
| 105 | @a z 000yy | |
| 200 | 1 | @a收音机@AShou Yin Ji@f刘宪坤主编@FLiu Xian Kun Zhu Bian |
| 210 | @a北京@c电子工业出版社@d1992.1 | |
| 215 | @a374页@d20cm | |
| 225 | @a家电维修技术精华丛书@h1 | |
| 300 | @a全国家电维修技术征文大奖赛精华 | |
| 410 | @12001 @a家电维修技术精华丛书 | |
| 606 | 0 | @a工业技术 |
| 690 | @aT-51 | |
| 701 | 0 | @a刘宪坤@4主编 |
| 801 | @aCN@bTSTCL@c20031222 | |
| 905 | @dT-51@e73:1@b247773@f1 | |
| 收音机/刘宪坤主编.-北京:电子工业出版社,1992.1 |
| 374页;20cm.-(家电维修技术精华丛书.1) |
| 全国家电维修技术征文大奖赛精华 |
| ISBN 7-5053-1581-1:CNY7.20 |
| ● |
| 相关链接 |
|
|
|
|
正题名:收音机
索取号:T-51/73:1
 
预约/预借
| 序号 | 登录号 | 条形码 | 馆藏地/架位号 | 状态 | 备注 |
| 1 | 0247773 | 001702492 | 第三借阅区/ [索取号:T-51/73:1] | 在馆 | |
| 2 | 0247775 | 000883039 | 第二样本阅览室/ [索取号:T-51/73:1] | 在馆 |